000
00304nam a2200109Ia 4500
008
171211s9999 xx 000 0 und d
245
_a
Ornithology, Evolution, and Philosophy
245
_c
Jürgen Haffer
260
_c
2007
650
_x
Biology
856
_u
http://down.ebook777.com/062/9783540717775.pdf
999
_c
350399
_d
350399